Państwa najbardziej oddalone od równika z wyjątkami - Statystyki

Ogólne statystyki
  • Ten quiz został rozwiązany 15 razy
  • Średni wynik to 17 z 21
Statystyki odpowiedzi
° od równika Państwo % Poprawnych
41,68 Kanada
100%
41,05 Gruzja
92%
39,17 Kirgistan
92%
41,57 Mongolia
92%
36,67 Tadżykistan
92%
35,15 Turkmenistan
92%
29,38 Afganistan
85%
38,83 Armenia
85%
38,40 Azerbejdżan
85%
40,57 Kazachstan
85%
35,82 Turcja
85%
37,18 Uzbekistan
85%
34,57 Cypr
77%
37,67 Korea Północna
77%
33,10 Korea Południowa
77%
29,22 Nowa Zelandia
77%
32,32 Syria
77%
29,50 Izrael
69%
33,05 Liban
62%
30,25 Tunezja
38%
30,08 Urugwaj
38%
Nie znaleziono quizów pasujących do podanych kryteriów
Rozkład punktacji
Procent ludzi z każdym wynikiem
Percentyl według liczby udzielonych odpowiedzi
Twoja historia wyników
Nie rozwiązałeś tego quizu